Movies Quiz

Random Movies or Famous Quiz
Score 0/15 Timer 04:00
0 Plays Today
% Correct
The Godfather
94.1%
The Shining
92.7%
Dumb and Dumber
91.2%
Pretty Woman
90.1%
The Dark Knight
89.6%
Saving Private Ryan
89.6%
Fight Club
88.8%
The 40-Year-Old Virgin
86.2%
% Correct
Alien
85.5%
Good Will Hunting
82.2%
The Usual Suspects
78.9%
Django Unchained
76.3%
Casino Royale
72.6%
Annie Hall
65.8%
Midnight Cowboy
57.2%
Remove Ads.
Support Sporcle.
Get the best of Sporcle when you Go Orange. This ad-free experience offers more features, more stats, and more fun while also helping to support Sporcle. Thank you for becoming a member.

You're not logged in!

Compare scores with friends on all Sporcle quizzes.
OR
Log In

Show Comments

Extras

Top Quizzes Today


Score Distribution

Your Account Isn't Verified!

In order to create a playlist on Sporcle, you need to verify the email address you used during registration. Go to your Sporcle Settings to finish the process.

Report this User

Report this user for behavior that violates our Community Guidelines.

Details: